UM Logo

Sixteen going on sixty-six : (Record no. 20960)

MARC details
000 -LEADER
fixed length control field 00936nam a22001937a 4500
005 - DATE AND TIME OF LATEST TRANSACTION
control field 20250205204306.0
008 - FIXED-LENGTH DATA ELEMENTS--GENERAL INFORMATION
fixed length control field 240828b ||||| |||| 00| 0 eng d
082 ## - DEWEY DECIMAL CLASSIFICATION NUMBER
Classification number DPer 155.205 J826 July-September 2019 v. 117 n. 1-3
100 ## - MAIN ENTRY--PERSONAL NAME
Personal name Damian, Rodica Ioana.
Relator term author.
9 (RLIN) 59173
245 ## - TITLE STATEMENT
Title Sixteen going on sixty-six :
Remainder of title a longitudinal study of personality stability and change across 50 years /
Statement of responsibility, etc. Rodica Ioana Damian, Andreea Sutu, Marion Spengler, and Brent W. Roberts.
260 ## - PUBLICATION, DISTRIBUTION, ETC. (IMPRINT)
Place of publication, distribution, etc. Washington ;
Name of publisher, distributor, etc. American Psychological Association,
Date of publication, distribution, etc. September 2019.
300 ## - PHYSICAL DESCRIPTION
Extent volume 117, pages 674-695,
Other physical details illustration.
500 ## - GENERAL NOTE
General note Journal of Personality and Social Psychology vol. 117, no. 3, pages 674-695, September 2019.
700 ## - ADDED ENTRY--PERSONAL NAME
Personal name Damian, Rodica Ioana.
Relator term author.
9 (RLIN) 59173
700 ## - ADDED ENTRY--PERSONAL NAME
Personal name Spengler, Marion.
Relator term author.
9 (RLIN) 59175
700 ## - ADDED ENTRY--PERSONAL NAME
Personal name Sutu, Andreea.
Relator term author.
9 (RLIN) 59174
700 ## - ADDED ENTRY--PERSONAL NAME
Personal name Roberts, Brent W.
Relator term author.
9 (RLIN) 59176
942 ## - ADDED ENTRY ELEMENTS (KOHA)
Source of classification or shelving scheme Dewey Decimal Classification
Koha item type Periodicals
Holdings
Withdrawn status Lost status Source of classification or shelving scheme Damaged status Not for loan Collection code Home library Current library Date acquired Total Checkouts Date last seen Price effective from Koha item type Public note
    Dewey Decimal Classification     Periodicals UM Digos College - LIC UM Digos College - LIC 08/28/2024   08/28/2024 08/28/2024 Periodicals Periodical Article